Statistics for Automotive Acronyms Quiz

Click here to take the quiz!

General Stats

  • This quiz has been taken 92 times
  • The average score is 20 of 25

Answer Stats

Full phraseAcronym% Correct
Bayerische Motoren WerkeBMW
99%
Fédération Internationale de l'AutomobileFIA
98%
Super SportSS (Chevrolet)
95%
Fabbrica Italiana Automobili TorinoFiat
95%
Ferrari FourFF (Ferrari)
94%
All-Wheel DriveAWD
94%
Special Vehicle TeamSVT
93%
Sport Leicht RennsportSLR
93%
MotorsportM (BMW)
93%
National Association for Stock Car Auto RacingNASCAR
93%
Street & Racing TechnologySRT
92%
Comfort CoupéCC (Volkswagen)
92%
RennsportRS (Audi)
87%
Deutsche Tourenwagen MastersDTM
87%
Variable Valve Timing with intelligenceVVT-i
85%
DeVille Touring SedanDTS (Cadillac)
83%
Handling Gran Turismo EvoluzioneHGTE (Ferrari)
83%
World Touring Car ChampionshipWTCC
80%
Recreational Active Vehicle with 4-wheel driveRAV4 (Toyota)
77%
Competition Coupé X(10)CCX
66%
Double Overhead CamshaftDOHC
59%
World Rally CrossWRX (Subaru)
55%
Nissan Motorsport International LimitedNISMO
48%
New Sportscar ExperimentalNSX
47%
American Motors ExperimentalAMX
46%

Score Distribution

Percentile by Number Answered

Percent of People with Each Score

Your Score History

You have not taken this quiz